[Event "Campeonato de Aragón por Equipos 2008 "]
[Site "Aragón"]
[Date "2008.02.02"]
[Round "1.32"]
[White "Moreno Mario"]
[Black "Gomez Calomarde Saul"]
[Result "1/2-1/2"]
[WhiteElo "1853"]
[BlackElo "1932"]

1.d4 Nf6 2.Nf3 c5 3.e3 g6 4.c3 Bg7 5.Bd3 b6 6.Nbd2 Bb7 7.O-O Nc6 8.Ne4 Nxe4 9.
Bxe4 d5 10.Bc2 cxd4 11.exd4 Qc7 12.Re1 O-O 13.Bg5 e6 14.Qd2 Rac8 15.Bh6 b5 16.
Bxg7 Kxg7 17.Rac1 Qd6 18.Ne5 Nxe5 19.Rxe5 a5 20.h4 b4 21.Bd1 bxc3 22.Rxc3 Rxc3
23.Qxc3 Rc8 24.Qd2 Qb6 25.Re3 Rc4 26.Rd3 Ba6 27.a3 Bb5 28.h5 Qd8 1/2-1/2

[Event "Campeonato de Aragón por Equipos 2008 "]
[Site "Aragón"]
[Date "2008.02.02"]
[Round "1.33"]
[White "Lopez Guaita Fernando"]
[Black "Ramiro Ovejero Juan Luis"]
[Result "0-1"]
[WhiteElo "2065"]
[BlackElo "2330"]

1.e4 e5 2.Nf3 d6 3.d4 exd4 4.Nxd4 Nf6 5.Nc3 Be7 6.Bd3 O-O 7.O-O a6 8.Nf5 Bxf5
9.exf5 d5 10.g4 h6 11.f4 Nh7 12.Qf3 c6 13.Bd2 Nd7 14.Rad1 Re8 15.Kh1 Nc5 16.
Be2 Bf6 17.Be3 Qe7 18.Bd4 Bxd4 19.Rxd4 a5 20.a3 Qf6 21.Qf2 Re7 22.h4 Rae8 23.
Bf3 Re3 24.Rfd1 h5 25.Kg2 hxg4 26.Bxg4 Qh6 27.Bf3 Nf6 28.Rh1 Nh5 29.Bg4 Rg3+
30.Kf1 Rxg4 0-1

[Event "Campeonato de Aragón por Equipos 2008 "]
[Site "Aragón"]
[Date "2008.02.02"]
[Round "1.34"]
[White "Gil Capape MA"]
[Black "Rodes Apilluelo Jose Maria"]
[Result "1-0"]
[WhiteElo "2185"]
[BlackElo "2053"]

1.d4 Nf6 2.c4 g6 3.Nc3 Bg7 4.e4 d6 5.f3 O-O 6.Be3 c5 7.dxc5 Qa5 8.cxd6 Rd8 9.
Qa4 Qxa4 10.Nxa4 Rxd6 11.e5 Re6 12.O-O-O Nfd7 13.f4 Nc6 14.Be2 f6 15.Bg4 f5
16.Bf3 Nb4 17.a3 Ra6 18.Nc3 Nc6 19.Nb5 Rb8 20.Nc7 Ra4 21.Bd5+ Kh8 22.Nf3 h6
23.h4 Nf8 24.Bc5 b6 25.b3 Ra5 26.Be3 Bd7 27.Kb2 Rc8 28.Nb5 Nd8 29.Nfd4 Nde6
30.b4 Ra6 31.Bb7 1-0

[Event "Campeonato de Aragón por Equipos 2008 "]
[Site "Aragón"]
[Date "2008.02.02"]
[Round "1.35"]
[White "Bayod Rubia Angel"]
[Black "Alonso Fernandez Revuelta Rodri"]
[Result "1-0"]
[WhiteElo "2042"]
[BlackElo "2138"]

1.e4 e6 2.d4 d5 3.e5 c5 4.Nf3 cxd4 5.Bd3 Nc6 6.O-O Qc7 7.Re1 Nge7 8.Bf4 Ng6 9.
Bg3 Bb4 10.Nbd2 Bd7 11.a3 Bxd2 12.Qxd2 Rc8 13.h4 Na5 14.h5 Ne7 15.Qg5 g6 16.
Qf6 Rf8 17.Bh4 Nac6 18.Ng5 h6 19.Nh7 Rg8 20.Bg3 Nb8 21.Qf4 Nf5 22.Bxf5 exf5
23.Qxh6 Be6 24.Nf6+ Ke7 25.Qg5 Kf8 26.Nxg8 Kxg8 27.hxg6 Re8 28.g7 Kh7 29.Bf4
1-0

[Event "Campeonato de Aragón por Equipos 2008 "]
[Site "Aragón"]
[Date "2008.02.02"]
[Round "1.36"]
[White "Galvez Perez Jose Luis"]
[Black "Bailo Remacha Santiago"]
[Result "0-1"]
[WhiteElo "2120"]
[BlackElo "2017"]

1.d4 Nf6 2.Nf3 b6 3.e3 Bb7 4.Nbd2 g6 5.Bd3 d5 6.Ne5 Qd6 7.O-O Bg7 8.a4 a5 9.b3
O-O 10.Ba3 c5 11.f4 e6 12.Qf3 Nc6 13.c3 Rfc8 14.g4 Qc7 15.g5 Ne8 16.Rac1 Nd6
17.Ng4 Ne7 18.Qh3 Nef5 19.Nf3 Qd8 20.Nh4 Rc7 21.Nxf5 Nxf5 22.Bxf5 exf5 23.Ne5
Rac8 24.Qg2 cxd4 25.cxd4 Rxc1 26.Rxc1 Rxc1+ 27.Bxc1 Qc7 28.Bb2 Bf8 29.Qe2 Bb4
30.Qb5 Kf8 31.Nd7+ Kg7 32.Nf6 Qc2 33.Qxb6 Qb1+ 34.Kf2 Qxb2+ 35.Kf3 Qc1 36.Qd8
Qf1+ 0-1

[Event "Campeonato de Aragón por Equipos 2008 "]
[Site "Aragón"]
[Date "2008.02.02"]
[Round "1.37"]
[White "Glaria Murillo Christian"]
[Black "Horton Justin"]
[Result "1/2-1/2"]
[WhiteElo "2195"]
[BlackElo "2147"]

1.c4 c6 2.g3 d5 3.Bg2 Nf6 4.Nf3 Bg4 5.Ne5 Be6 6.cxd5 Bxd5 7.Nf3 c5 8.Nc3 Bc6
9.O-O e6 10.d4 Nbd7 11.Nh4 Bxg2 12.Nxg2 cxd4 13.Qxd4 Bc5 14.Qh4 O-O 1/2-1/2

[Event "Campeonato de Aragón por Equipos 2008 "]
[Site "Aragón"]
[Date "2008.02.02"]
[Round "1.38"]
[White "Abos Rosico Antonio"]
[Black "Garcia Ramon Ricardo1"]
[Result "0-1"]
[WhiteElo "2043"]
[BlackElo "2118"]

1.e4 e6 2.d4 d5 3.Nd2 dxe4 4.Nxe4 Nd7 5.Nf3 Ngf6 6.Bd3 Be7 7.O-O O-O 8.Qe2 b6
9.Bg5 Bb7 10.Rad1 Nxe4 11.Bxe7 Qxe7 12.Bxe4 Bxe4 13.Qxe4 Nf6 14.Qc6 Rfd8 15.
Rd3 Nd5 16.a3 Qd6 17.Qxd6 Rxd6 18.g3 f6 19.Rfd1 Rad8 20.Kf1 Kf7 21.Ke2 h5 22.
Kd2 Ne7 23.Ke3 Nf5+ 24.Ke4 Rd5 25.h3 Nd6+ 26.Kf4 g5+ 27.Ke3 Nc4+ 28.Ke2 Nxb2
29.g4 Nxd3 30.Kxd3 hxg4 31.hxg4 Ra5 32.Ra1 c5 33.c3 cxd4 34.cxd4 e5 35.a4 exd4
36.Nd2 b5 37.Nb3 Rxa4 38.Rxa4 bxa4 39.Nxd4 a3 40.Kc3 Rxd4 0-1

[Event "Campeonato de Aragón por Equipos 2008 "]
[Site "Aragón"]
[Date "2008.02.02"]
[Round "1.38"]
[White "Martinez Cebolla Alberto"]
[Black "Gonzalez Gambau Jorge"]
[Result "1/2-1/2"]
[WhiteElo "2023"]
[BlackElo "2039"]

1.e4 c6 2.Nf3 d5 3.exd5 cxd5 4.Ne5 a6 5.d4 Nc6 6.c3 Nxe5 7.dxe5 Bf5 8.Bd3 Bxd3
9.Qxd3 e6 10.O-O Qc7 11.f4 Bc5+ 12.Be3 Ne7 13.Nd2 Bxe3+ 14.Qxe3 Nf5 15.Qf2 h5
16.Rac1 b5 17.b3 Qa7 18.Qxa7 Rxa7 19.c4 dxc4 20.bxc4 Ne3 21.Rfe1 Nxc4 22.Nxc4
bxc4 23.Rxc4 O-O 24.Rec1 Rb7 25.R1c2 Rfb8 26.Kf2 Rb2 27.Ke3 a5 28.Kd3 Rd8+ 29.
Kc3 Rb5 30.Rd2 1/2-1/2

[Event "Campeonato de Aragón por Equipos 2008 "]
[Site "Aragón"]
[Date "2008.02.02"]
[Round "1.40"]
[White "Perez Puyal Jose J"]
[Black "Jimenez Fernandez Alejandro"]
[Result "0-1"]
[WhiteElo "1888"]
[BlackElo "1898"]

1.e4 c6 2.d4 d5 3.e5 c5 4.c3 Nc6 5.Nf3 Bg4 6.Be2 e6 7.O-O Bxf3 8.Bxf3 cxd4 9.
cxd4 Qb6 10.Be3 Qxb2 11.Nd2 Rb8 12.Be2 Qb6 13.Rb1 Qc7 14.Qa4 Ne7 15.Rfc1 Qa5
16.Qc2 Qc7 17.Bb5 g6 18.Qa4 a6 19.Be2 Bg7 20.Bg5 O-O 21.Bxe7 Qxe7 22.Bxa6 Ra8
23.Rxc6 bxc6 24.Qxc6 Qa7 25.Rb6 Rab8 26.Rxb8 Rxb8 27.Nb3 Bf8 28.Nc5 Rb6 29.Qc8
Rb8 30.Qc6 Rb1+ 31.Bf1 Qxa2 32.Nxe6 Qe2 0-1

[Event "Campeonato de Aragón por Equipos 2008 "]
[Site "Aragón"]
[Date "2008.02.02"]
[Round "1.41"]
[White "Valles Mata David"]
[Black "Delgado Salcedo Eduardo"]
[Result "1-0"]
[WhiteElo "2107"]
[BlackElo "2250"]

1.d4 Nf6 2.c4 c5 3.d5 b5 4.cxb5 g6 5.Nc3 Bg7 6.g3 d6 7.Bg2 a6 8.bxa6 O-O 9.Nf3
Nxa6 10.O-O Nb4 11.a3 Bb7 12.Nh4 Nd7 13.Bd2 Na6 14.b3 Nb6 15.e4 Nc7 16.Re1 e6
17.dxe6 fxe6 18.a4 Bd4 19.Nf3 Qf6 20.Rc1 Nd7 21.Bg5 Bxf2+ 22.Kh1 Qg7 23.Re2
Rxf3 24.Bxf3 Bd4 25.Nb5 Nxb5 26.axb5 Ne5 27.Bg2 h6 28.Be3 Ng4 29.Bxd4 cxd4 30.
h3 Ne3 31.Qd3 Nxg2 32.Kxg2 Qe5 33.Rd1 d5 34.Qxd4 Qxd4 35.Rxd4 e5 36.Rxd5 Bxd5
37.exd5 Rb8 38.d6 Rxb5 39.Rd2 Rb8 40.d7 Rd8 41.Kf3 Kf7 42.Ke4 Ke6 43.b4 Kf6
44.b5 h5 45.b6 g5 46.b7 Ke7 47.Kxe5 h4 48.g4 1-0

[Event "Campeonato de Aragón por Equipos 2008 "]
[Site "Aragón"]
[Date "2008.02.02"]
[Round "1.42"]
[White "Sicilia Manuel"]
[Black "Avellanas Pau Miguel Angel"]
[Result "1-0"]
[WhiteElo "2144"]
[BlackElo "1934"]

1.d4 d5 2.Nf3 e6 3.e3 Nf6 4.Bd3 c5 5.O-O Nc6 6.c3 Be7 7.Nbd2 O-O 8.dxc5 e5 9.
e4 Bg4 10.h3 Bh5 11.b4 Qc7 12.exd5 Nxd5 13.Ne4 Rad8 14.Ng3 Nxc3 15.Qc2 Bxf3
16.Bxh7+ Kh8 17.Qxc3 Bxg2 18.Kxg2 Kxh7 19.Nf5 Bf6 20.Qf3 Rh8 21.Be3 Ne7 22.Nd6
Ng6 23.Qxb7 Qxb7+ 24.Nxb7 Nh4+ 25.Kg3 Kg6 26.Nxd8 e4 27.Rad1 Be5+ 28.f4 exf3+
29.Kf2 Nf5 30.Rg1+ 1-0

[Event "Campeonato de Aragón por Equipos 2008 "]
[Site "Aragón"]
[Date "2008.02.02"]
[Round "1.43"]
[White "Cuello Borau Jorge"]
[Black "Valiente JL"]
[Result "1-0"]
[WhiteElo "1839"]
[BlackElo "2134"]

1.d4 Nf6 2.c4 g6 3.Nc3 d5 4.cxd5 Nxd5 5.e4 Nxc3 6.bxc3 Bg7 7.Ba3 b6 8.Nf3 O-O
9.Bc4 Ba6 10.Qe2 Qc8 11.O-O c5 12.Rac1 Bxc4 13.Qxc4 Nd7 14.e5 Qc6 15.Rfe1 b5
16.Qe2 Qa6 17.e6 Qxa3 18.exd7 cxd4 19.cxd4 e6 20.Qxb5 Rab8 21.Qxb8 Rxb8 22.
Rc8+ Qf8 23.Rec1 Bf6 24.Rxb8 Bd8 25.Rxd8 1-0

[Event "Campeonato de Aragón por Equipos 2008 "]
[Site "Aragón"]
[Date "2008.02.02"]
[Round "1.44"]
[White "Carruez Berges Santiago"]
[Black "Gil Luis"]
[Result "1-0"]
[WhiteElo "2106"]
[BlackElo "1733"]

1.e4 e6 2.d4 d5 3.Nc3 dxe4 4.Nxe4 Nf6 5.Nxf6+ Qxf6 6.Nf3 h6 7.h4 Bd6 8.Bg5 Qf5
9.Be3 b6 10.Bd3 Qd5 11.Qe2 Nd7 12.Bd2 Nf6 13.h5 Bd7 14.c4 Qb7 15.Kf1 a5 16.a3
a4 17.Re1 Ke7 18.Ne5 Bc8 19.d5 Rd8 20.Nc6+ Ke8 21.Bc3 Bd7 22.Nxd8 Rxd8 23.dxe6
fxe6 24.Bf5 Bc6 25.Qxe6+ Kf8 26.Bg6 Bxg2+ 27.Kg1 c5 28.Rh4 Bc6 29.Bxf6 gxf6
30.Qxf6+ Kg8 31.Qxd8+ Bf8 32.Rf4 Qg7 33.Rf7 Qxf7 34.Bxf7+ Kxf7 1-0

[Event "Campeonato de Aragón por Equipos 2008 "]
[Site "Aragón"]
[Date "2008.02.02"]
[Round "1.45"]
[White "Hinojar Basa Alfonso"]
[Black "Romon Poves Raul"]
[Result "1-0"]
[WhiteElo "2210"]
[BlackElo "2207"]

1.e4 c5 2.Nf3 d6 3.d4 Nf6 4.Nc3 cxd4 5.Nxd4 a6 6.Bc4 e6 7.Bb3 b5 8.O-O Be7 9.
Re1 O-O 10.f4 b4 11.Na4 Bb7 12.e5 dxe5 13.fxe5 Nd5 14.Qg4 Kh8 15.Nf3 Nd7 16.
Qh5 Nc5 17.Nxc5 Bxc5+ 18.Kh1 Be7 19.Bg5 Nb6 20.Rad1 Qc7 21.Bxe7 Qxe7 22.Ng5 h6
23.Ne4 Bxe4 24.Rxe4 Rad8 25.Red4 Rxd4 26.Rxd4 Rd8 27.Qd1 Rd7 28.c3 bxc3 29.
bxc3 Rxd4 30.Qxd4 Qc7 31.Qd6 Qxc3 32.Qxb6 Qe1+ 33.Qg1 Qxe5 34.h3 f5 35.Qc1 Kh7
36.Qc4 Qa1+ 37.Kh2 Qe5+ 38.g3 Qb2+ 39.Kg1 Qa1+ 40.Kf2 Qb2+ 41.Kf3 Qh2 42.Qxe6
Qh1+ 43.Kf4 Qf1+ 44.Ke5 Qb5+ 45.Kd6 Qb6+ 46.Ke5 Qe3+ 47.Kxf5 Qf3+ 48.Ke5 Qxg3+
49.Kd5 Qd3+ 50.Kc6 Qb5+ 51.Kd6 Qb6+ 52.Kd7 Qb7+ 53.Ke8 Qb8+ 54.Ke7 Qc7+ 55.Qd7
Qc5+ 56.Ke8 Qe5+ 57.Be6 Qb8+ 58.Kf7 1-0

[Event "Campeonato de Aragón por Equipos 2008 "]
[Site "Aragón"]
[Date "2008.02.02"]
[Round "1.46"]
[White "Vera Jimenez Andres"]
[Black "Portero Garnica Miguel Angel"]
[Result "0-1"]
[WhiteElo "2035"]
[BlackElo "2181"]

1.d4 d5 2.c4 e6 3.Nc3 Nf6 4.Bg5 Be7 5.e3 O-O 6.Nf3 h6 7.Bh4 Ne4 8.Bxe7 Qxe7 9.
Qc2 c6 10.Bd3 Nxc3 11.Qxc3 dxc4 12.Bxc4 c5 13.Qa3 b6 14.dxc5 bxc5 15.O-O Bb7
16.Be2 Nd7 17.Rac1 e5 18.Rfd1 a6 19.Qa5 Rfc8 20.Qd2 Rd8 21.Qd6 Kf8 22.Qc7 Rab8
23.b3 Ke8 24.Qd6 e4 25.Ne1 Qxd6 26.Rxd6 Ke7 27.Rcd1 Ne5 28.Rxd8 Rxd8 29.Rxd8
Kxd8 30.f4 Nd7 31.Nc2 Nb6 32.Na3 Nd5 33.Nc2 Nc3 34.Bc4 Nxa2 35.Bxf7 Ke7 36.Bc4
Kd6 37.g4 Nc3 38.Kf2 Bd5 39.Bxa6 Bxb3 40.Na3 Nd1+ 41.Ke2 Nb2 42.Kd2 Bd5 43.
Nb5+ Kd7 44.Nc3 Bc6 45.Kc2 Na4 46.Nxa4 Bxa4+ 47.Kc3 Bc6 48.h4 Kd6 49.Bc8 g6
50.Kc4 Bd5+ 51.Kb5 Bb3 52.Bb7 Bc2 53.Kc4 Bd3+ 54.Kc3 Ke6 55.Bc8+ Kf6 56.Bb7 g5
57.hxg5+ hxg5 58.Bc8 Be2 59.Bf5 Bd3 60.Kd2 Bb1 61.Kc3 Bd3 62.Bd7 Bf1 63.Bc6
gxf4 64.exf4 e3 65.Be4 e2 66.Kd2 c4 67.g5+ Ke6 68.Bf3 c3+ 69.Ke1 c2 0-1

[Event "Campeonato de Aragón por Equipos 2008 "]
[Site "Aragón"]
[Date "2008.02.02"]
[Round "1.47"]
[White "Jario Garcia Ricardo Javier"]
[Black "Sierra Aguerri Joaquin"]
[Result "1/2-1/2"]
[WhiteElo "2150"]
[BlackElo "2010"]

1.e4 c5 2.c3 d5 3.exd5 Qxd5 4.d4 cxd4 5.cxd4 Nc6 6.Nf3 Bg4 7.Nc3 Bxf3 8.gxf3
Qxd4 9.Qxd4 Nxd4 10.Nb5 Nc2+ 11.Kd1 Nxa1 12.Nc7+ Kd7 13.Nxa8 g6 14.Be3 Bh6 15.
Bb5+ Kd6 16.Bxa7 Nf6 17.Nb6 Rd8 18.Ke2 Nc2 19.Rd1+ Kc7 20.Rxd8 Kxd8 21.Nc4 Nd7
22.a3 Bg7 23.Kd3 Ne1+ 24.Ke3 Ne5 25.Bb6+ Kc8 26.Nxe5 Bxe5 27.Ke2 Ng2 28.b3
Bxh2 29.Be8 f6 30.Bb5 Bd6 31.b4 h5 32.Be3 h4 33.Kf1 h3 34.Kg1 Ne1 35.f4 Ng2
36.Bf1 Nxf4 37.Bxf4 Bxf4 38.Bxh3+ Kc7 39.a4 Bd2 40.b5 Kd6 41.Bf1 b6 42.Bd3 g5
43.Kf1 Ke5 44.Ke2 Bb4 45.Ke3 Bc5+ 46.Kf3 g4+ 47.Kxg4 Bxf2 48.Bc4 Kd4 49.Be6
Kc3 50.Kf5 Kb4 51.Bd5 Kxa4 52.Bc6 Kb4 53.Ke6 Bc5 54.Be8 {Ilegible} 1/2-1/2

[Event "Campeonato de Aragón por Equipos 2008 "]
[Site "Aragón"]
[Date "2008.02.02"]
[Round "1.48"]
[White "Ruiz Gutierrez Manuel"]
[Black "Gaspar Calvo Luis Alberto"]
[Result "0-1"]
[WhiteElo "1899"]
[BlackElo "1939"]

1.e4 c5 2.Nf3 Nc6 3.Bb5 g6 4.Bxc6 bxc6 5.O-O Bg7 6.Re1 Ba6 7.c3 Bd3 8.Re3 c4
9.Na3 Nf6 10.Qa4 Ng4 11.Nxc4 Bxc4 12.Qxc4 Nxe3 13.fxe3 Qb6 14.e5 O-O 15.Qh4
Rae8 16.d4 d6 17.e6 fxe6 18.Ng5 h6 19.Nxe6 Rf6 20.Qh3 Qa6 21.g3 Qe2 22.Nf4
Qe1+ 23.Kg2 g5 24.Qd7 Ref8 0-1

[Event "Campeonato de Aragón por Equipos 2008 "]
[Site "Aragón"]
[Date "2008.02.02"]
[Round "1.49"]
[White "Lopez Gracia Fernando"]
[Black "Palacios Latasa Elias"]
[Result "1/2-1/2"]
[WhiteElo "2293"]
[BlackElo "2198"]

1.e4 c5 2.Nf3 Nc6 3.d4 cxd4 4.Nxd4 g6 5.c4 Nf6 6.Nc3 Nxd4 7.Qxd4 d6 8.Bg5 Bg7
9.Qd2 Qa5 10.Rc1 O-O 11.f3 Be6 12.b3 Rfc8 13.Be2 a6 14.Na4 Qxd2+ 15.Kxd2 Rc6
16.Be3 Nd7 17.Nc3 Rac8 18.Nd5 Kf8 19.g4 Bb2 20.Rb1 Ba3 21.b4 Bxd5 22.exd5 Rxc4
23.Bxc4 Rxc4 24.Rb3 Bxb4+ 25.Ke2 Nc5 26.Bxc5 Bxc5 27.Rxb7 Rc2+ 28.Kd3 Rxa2 29.
Re1 Ra3+ 30.Kc4 Rxf3 31.Rexe7 Rf4+ 32.Kd3 h6 33.Rec7 Kg7 34.h3 a5 35.Re7 a4
36.Re4 Rxe4 37.Kxe4 a3 38.Rb5 Kf6 39.Kf4 Bd4 40.Ra5 Bc5 41.Ra4 Ke7 42.Ke4 Kd7
43.Kd3 Ke7 44.Ke4 Kd7 1/2-1/2

[Event "Campeonato de Aragón por Equipos 2008 "]
[Site "Aragón"]
[Date "2008.02.02"]
[Round "1.50"]
[White "Sarto Ramos Angel"]
[Black "Quintin Navarro Alberto"]
[Result "0-1"]
[WhiteElo "2058"]
[BlackElo "1975"]

1.b3 e5 2.Bb2 Nc6 3.e3 f5 4.Nf3 d6 5.d4 e4 6.Nfd2 d5 7.c4 Nf6 8.Nc3 Be6 9.Rc1
Bd6 10.cxd5 Nxd5 11.Nxd5 Bxd5 12.a3 a5 13.Nc4 O-O 14.Nxd6 Qxd6 15.Rc5 Ne7 16.
g3 c6 17.h4 Qe6 18.Rc3 b5 19.b4 axb4 20.axb4 Ra4 21.Be2 Rfa8 22.O-O Rxb4 23.
Ra3 Rba4 24.Qc1 Qd6 25.Rxa4 Rxa4 26.Qc2 Qb4 27.Bc3 Qb3 28.Qxb3 Bxb3 29.Rb1 Bc4
30.Bd1 Ra2 31.Ra1 Rxa1 32.Bxa1 Nd5 33.g4 g6 34.gxf5 gxf5 35.Bb2 Kf7 36.Bc1 Ke6
37.Bd2 b4 38.Ba4 b3 39.Bc1 Nc3 40.Bxb3 Bxb3 41.Bb2 Nd5 42.Kg2 Bd1 43.Kg3 Bf3
44.Ba3 Nc3 45.Bc5 Ne2+ 46.Kh2 f4 47.exf4 Nxf4 48.h5 Nxh5 49.Kh3 Nf4+ 50.Kh4 h5
51.Kg5 Nd3 52.Bb6 Kd5 53.Kh4 Nxf2 54.Kg3 Nd3 55.Bc7 Nb4 56.Kf4 Nc2 57.Bb6 Nxd4
58.Ke3 c5 59.Bd8 h4 60.Kf2 Nf5 61.Bg5 h3 62.Bf4 c4 63.Kg1 Kd4 64.Kf2 Kd3 65.
Be5 c3 66.Bf4 c2 0-1

[Event "Campeonato de Aragón por Equipos 2008 "]
[Site "Aragón"]
[Date "2008.02.02"]
[Round "1.51"]
[White "Arregui Unotria Carlos"]
[Black "Hernandez Gabriel"]
[Result "1-0"]
[WhiteElo "1925"]
[BlackElo "2041"]

1.e4 c5 2.Nf3 Nc6 3.d4 cxd4 4.Nxd4 g6 5.Nc3 Bg7 6.Be3 d6 7.f3 Nf6 8.Qd2 Nxd4
9.Bxd4 O-O 10.O-O-O Be6 11.Kb1 Qa5 12.Nd5 Qd8 13.Nxf6+ Bxf6 14.Bxf6 exf6 15.
Be2 Qb6 16.Qd4 Qa5 17.a3 Rac8 18.Qxf6 Qe5 19.Qxe5 dxe5 20.Rd6 Kg7 21.Rhd1 a6
22.b3 Rc7 23.Rb6 Rfc8 24.c4 a5 25.a4 Bd7 26.Rbd6 Bc6 27.Kc2 b6 28.Kc3 Kf8 29.
Rf6 Ke7 30.Rdd6 b5 31.axb5 Bxb5 32.g4 Bd7 33.g5 Be6 34.Ra6 Rc5 35.h4 h6 36.
Ra7+ R8c7 37.Rxc7+ Rxc7 38.f4 exf4 39.Rxf4 hxg5 40.hxg5 Rc5 41.Kd4 Kd6 42.Rf1
Rxg5 43.Rb1 Rc5 44.b4 axb4 45.Rxb4 g5 46.Rb6+ Rc6 47.c5+ Kc7 48.Rb1 Ba2 49.Rb2
Be6 50.Bb5 g4 51.Bxc6 Kxc6 52.Rb6+ Kc7 53.Rb2 f5 54.Ke5 f4 55.Kxf4 Kc6 56.Rb6+
Kd7 57.Rd6+ Ke7 1-0

[Event "Campeonato de Aragón por Equipos 2008 "]
[Site "Aragón"]
[Date "2008.02.02"]
[Round "1.52"]
[White "Requena Munguira Jorge"]
[Black "Lahoz Andres"]
[Result "1-0"]
[WhiteElo "1884"]
[BlackElo "1622"]

1.d4 d5 2.c4 e6 3.Nc3 Nf6 4.Bg5 Be7 5.Nf3 Nbd7 6.e3 b6 7.cxd5 Nxd5 8.Bxe7 Qxe7
9.Nxd5 exd5 10.Qd2 O-O 11.b4 Nf6 12.Bd3 Ne4 13.Qb2 Bg4 14.Ne5 Bh5 15.O-O f6
16.Nc6 Qd6 17.Rac1 Be8 18.b5 Bd7 19.Rc2 Rfe8 20.Rfc1 a5 21.bxa6 Re6 22.Nb4 c5
23.Bxe4 Rxe4 24.dxc5 bxc5 25.Rxc5 Rh4 26.g3 Rh6 27.Qd2 Be6 28.Nxd5 Bxd5 29.
Qxd5+ Qxd5 30.Rxd5 Rxa6 31.Rd7 Ra8 32.Rcc7 Rg6 33.a4 h5 34.Ra7 Rb8 35.h4 Rb1+
36.Kg2 Ra1 37.a5 f5 38.Rdb7 Kh7 39.Rb6 Rg4 40.a6 Rga4 41.Rbb7 Rxa6 42.Rxg7+
Kh6 43.Rh7+ Kg6 44.Rag7+ Kf6 45.Rg5 Ke5 46.Rhxh5 Rf6 47.g4 Ke4 48.Rxf5 Rg6 49.
Rhg5 Rh6 50.Rd5 Rxh4 51.Rd4# 1-0

[Event "Campeonato de Aragón por Equipos 2008 "]
[Site "Aragón"]
[Date "2008.02.02"]
[Round "1.53"]
[White "Guetas Sanchez Hugo"]
[Black "Martin Catalan Juan Vicente"]
[Result "1-0"]
[WhiteElo "2159"]
[BlackElo "2122"]

1.e4 c5 2.d4 cxd4 3.c3 d3 4.Bxd3 Nc6 5.Nf3 d6 6.h3 g6 7.c4 Bg7 8.Nc3 Nf6 9.O-O
O-O 10.Bf4 Be6 11.Rc1 Nd7 12.Qe2 Nc5 13.Bb1 Rc8 14.Rfd1 Qe8 15.Nd5 Bd7 16.e5
Ne6 17.Bg3 dxe5 18.Nxe5 Nxe5 19.Bxe5 Bxe5 20.Qxe5 Bc6 21.Ne3 Ng7 22.Ng4 f6 23.
Qd4 a6 24.Qb6 Rd8 25.Rxd8 Qxd8 26.Nh6+ 1-0

[Event "Campeonato de Aragón por Equipos 2008 "]
[Site "Aragón"]
[Date "2008.02.02"]
[Round "1.54"]
[White "Arpa Pardo Emilio"]
[Black "Escuer Sanchez Nestor"]
[Result "0-1"]
[WhiteElo "2050"]
[BlackElo "2084"]

1.e4 e6 2.d4 d5 3.e5 c5 4.c3 Qb6 5.Bd3 Nc6 6.dxc5 Bxc5 7.Qe2 a5 8.Nf3 Nge7 9.
O-O Qc7 10.b3 Ng6 11.Re1 Bd7 12.h4 Nge7 13.Ba3 Na7 14.b4 Bb6 15.c4 axb4 16.
Bxb4 Bc5 17.Bd2 dxc4 18.Bxc4 Bc6 19.Nc3 Nf5 20.Ne4 Bxe4 21.Qxe4 Qc6 22.Qxc6+
Nxc6 23.Rab1 Ra7 24.g4 Nfe7 25.Be3 Bxe3 26.Rxe3 O-O 27.Ne1 Ra4 28.Be2 Rxa2 29.
Rxb7 Ng6 30.h5 Ngxe5 31.f4 Nd4 32.Bd1 Nec6 33.Bf3 Nxf3+ 34.Nxf3 Rd8 35.Re1 h6
36.Rc7 Nd4 37.Ne5 f6 38.Ng6 Nf3+ 39.Kf1 Nxe1 40.Kxe1 Rb8 41.Ne7+ Kh7 42.Rc1
Rbb2 43.Ng6 Rh2 0-1

[Event "Campeonato de Aragón por Equipos 2008 "]
[Site "Aragón"]
[Date "2008.02.02"]
[Round "1.55"]
[White "Andreu Sin Raul"]
[Black "Gil David"]
[Result "0-1"]
[WhiteElo "2045"]
[BlackElo "1936"]

1.c4 Nf6 2.Nc3 g6 3.d4 Bg7 4.g3 c5 5.d5 O-O 6.e4 b5 7.cxb5 d6 8.Nge2 a6 9.Nf4
axb5 10.Bxb5 Qa5 11.Bd3 Nbd7 12.O-O Ne5 13.Be2 Ba6 14.Qc2 Rfb8 15.Bxa6 Qxa6
16.Rd1 Nf3+ 17.Kg2 Nd4 18.Qd3 Nd7 19.Qxa6 Rxa6 20.Nd3 Nc2 21.Bd2 Nxa1 22.Rxa1
Ne5 23.Nxe5 Bxe5 24.Rb1 Rb4 25.f3 f5 26.exf5 gxf5 27.Kh3 Kf7 28.a3 Rb3 29.Kg2
Rab6 30.Rd1 Rb8 31.Bc1 Bxc3 32.bxc3 Rxc3 33.Re1 Rc2+ 34.Kh3 Rb1 35.Bd2 Rbb2
0-1

[Event "Campeonato de Aragón por Equipos 2008 "]
[Site "Aragón"]
[Date "2008.02.02"]
[Round "1.56"]
[White "Pache Marconell Juan Manuel"]
[Black "Sig Vargas Pablo"]
[Result "1/2-1/2"]
[WhiteElo "1510"]
[BlackElo "1896"]

1.c4 e5 2.Nc3 Bb4 3.g3 Bxc3 4.bxc3 Nc6 5.Bg2 Nf6 6.Nf3 d6 7.d3 Bd7 8.Rb1 Rb8
9.O-O O-O 10.Bg5 h6 11.Bd2 Qc8 12.Re1 Bh3 13.Bh1 Re8 14.Qc2 Nh7 15.Rb2 f5 16.
Reb1 e4 17.Nd4 Nxd4 18.cxd4 Nf6 19.Bc3 b6 20.a4 e3 21.f4 Qd8 22.Bg2 Bxg2 23.
Kxg2 h5 24.Rb5 Qd7 25.a5 Kf7 26.axb6 axb6 27.d5 Qe7 28.Qb2 Ra8 29.Ra1 Rh8 30.
Rb3 Ng4 31.Bxg7 Rhg8 32.Rxa8 Rxa8 33.h3 Nf2 34.Bh6 Qf6 35.Qxf6+ Kxf6 36.Bg5+
Kg6 37.Rb2 Ra1 38.h4 Ng4 39.Bd8 Ra7 40.d4 Kf7 41.c5 bxc5 42.dxc5 dxc5 43.Rb5
Ke8 44.Rb8 Kd7 45.Bg5 c6 46.Rd8+ Kc7 47.d6+ Kb6 48.Rb8+ Ka6 49.Bd8 Rd7 50.Be7
c4 51.Rb4 Nh6 52.Rxc4 Kb5 53.Rc1 c5 54.Kf1 Nf7 55.Rc3 Nxd6 56.Bxd6 Rxd6 57.
Rxe3 Rd5 58.Ke1 c4 59.Re8 c3 60.Re5 Kc4 61.Rxd5 Kxd5 62.Kd1 Ke4 63.Kc2 Ke3 64.
Kxc3 Kxe2 65.Kd4 Kf3 66.Ke5 Kxg3 67.Kxf5 Kxh4 68.Ke6 Kg3 69.f5 h4 70.f6 h3 71.
f7 h2 72.f8=Q 1/2-1/2

[Event "Campeonato de Aragón por Equipos 2008 "]
[Site "Aragón"]
[Date "2008.02.02"]
[Round "1.57"]
[White "Laliena Solares Luis"]
[Black "Cebrian Valverde Jose Antonio"]
[Result "1-0"]
[WhiteElo "2201"]
[BlackElo "2206"]

1.d4 e6 2.c4 Bb4+ 3.Bd2 a5 4.Nf3 Nf6 5.Nc3 O-O 6.e3 b6 7.Bd3 Bb7 8.Qc2 d5 9.
cxd5 exd5 10.O-O Nbd7 11.a3 Be7 12.Ne5 Rc8 13.Nxd7 Nxd7 14.Bxh7+ Kh8 15.Bf5 c5
16.f4 g6 17.Rf3 cxd4 18.exd4 Rc6 19.Bxd7 Qxd7 20.f5 Bf6 21.Qd3 Kg7 22.Rg3 Rh8
23.Rf1 Bh4 24.Rg4 Rh5 25.Bf4 Bc8 26.Be5+ Bf6 27.Rgf4 Rxf5 28.Rxf5 gxf5 29.Qg3+
Kf8 30.Re1 Re6 31.h4 Qd8 32.h5 Bh4 33.Qg7+ Ke7 34.h6 Bxe1 35.h7 Rg6 36.Bf6+
Rxf6 37.h8=Q Qxh8 38.Nxd5+ Kd6 39.Qxh8 Re6 40.Nf4 Bd2 41.Qd8+ Bd7 42.Qb8+ Ke7
43.Nd5# 1-0

[Event "Campeonato de Aragón por Equipos 2008 "]
[Site "Aragón"]
[Date "2008.02.02"]
[Round "1.58"]
[White "Gimeno Oteo Marco Antonio"]
[Black "Cobo Garrido Diego Israel"]
[Result "1-0"]
[WhiteElo "2162"]
[BlackElo "1989"]

1.e4 c5 2.Nf3 Nc6 3.d4 cxd4 4.Nxd4 Nf6 5.Nc3 e5 6.Ndb5 d6 7.Bg5 a6 8.Bxf6 gxf6
9.Na3 b5 10.Nd5 f5 11.Bd3 f4 12.c4 bxc4 13.Nxc4 Bg7 14.Rc1 Nd4 15.Ndb6 Rb8 16.
Nxc8 Rxc8 17.Nxd6+ Kd7 18.Nxc8 Qa5+ 19.Rc3 Rxc8 20.Qg4+ Ne6 21.O-O Rxc3 22.
bxc3 Qxc3 23.Bxa6 Ke8 24.Qe2 Nd4 25.Qc4 Qd2 26.Qc7 Bf6 27.Rb1 Ne6 28.Rb8+ Nd8
29.h3 Qe1+ 30.Bf1 Qxe4 31.Bb5+ Kf8 32.Rxd8+ Bxd8 33.Qxd8+ Kg7 34.a4 f3 35.Qd1
fxg2 36.Qg4+ 1-0

[Event "Campeonato de Aragón por Equipos 2008 "]
[Site "Aragón"]
[Date "2008.02.02"]
[Round "1.59"]
[White "Sanz Lopez R"]
[Black "Gutierrez Minguenza Ruben"]
[Result "1/2-1/2"]
[WhiteElo "1921"]
[BlackElo "2092"]

1.d4 Nf6 2.Bg5 d5 3.Bxf6 exf6 4.e3 Bd6 5.g3 O-O 6.Bg2 c6 7.Nd2 Re8 8.Ne2 Bg4
9.O-O f5 10.h3 Bh5 11.Nf3 Nd7 12.Nf4 Bxf4 13.gxf4 Nf6 14.Qd3 Bxf3 15.Bxf3 Ne4
16.Bxe4 fxe4 17.Qe2 Re6 18.Kh2 Rg6 19.Rg1 Qd6 20.Rxg6 hxg6 21.Rg1 a5 22.c4
dxc4 23.Qxc4 Qb4 24.Qc2 a4 25.a3 Qb6 26.Rg5 Rd8 27.Kg2 Rd5 28.Rxd5 cxd5 29.
Qxa4 Qxb2 30.Qe8+ Kh7 31.Qxf7 Qe2 32.Qxb7 Qf3+ 33.Kg1 Qd1+ 34.Kg2 Qf3+ 35.Kg1
Qd1+ 36.Kh2 Qe2 1/2-1/2

[Event "Campeonato de Aragón por Equipos 2008 "]
[Site "Aragón"]
[Date "2008.02.02"]
[Round "1.60"]
[White "Palomar Ramon Santiago"]
[Black "Gayan Miguel Angel"]
[Result "1-0"]
[WhiteElo "2010"]
[BlackElo "1910"]

1.e4 e6 2.d3 c5 3.Nf3 Nc6 4.g3 d5 5.Nbd2 Nf6 6.Bg2 Be7 7.O-O O-O 8.Re1 b6 9.e5
Nd7 10.Nf1 Bb7 11.h4 h6 12.h5 Re8 13.c3 Nf8 14.N1h2 Nh7 15.Ng4 Ng5 16.Nfh2 Rb8
17.Nxh6+ gxh6 18.Ng4 Kg7 19.f4 Nh7 20.f5 exf5 21.Nxh6 Bc8 22.Qf3 Bg5 23.Nxf5+
Bxf5 24.Qxf5 Bxc1 25.Raxc1 Qg5 26.h6+ Kg8 27.Qh3 Rxe5 28.Rf1 Re3 29.Rf5 Qxg3
30.Qh5 Qg6 31.Qxg6+ fxg6 32.Bxd5+ Kh8 33.Rf7 Ne5 34.Rxa7 Nxd3 35.Rf1 Nxb2 36.
Rff7 Ng5 37.Rg7 Nh3+ 38.Kh2 Nf4 39.Rh7# 1-0

[Event "Campeonato de Aragón por Equipos 2008 "]
[Site "Aragón"]
[Date "2008.02.02"]
[Round "1.61"]
[White "Gavin Roche Enrique"]
[Black "Lucea Valero Alejandro"]
[Result "1-0"]
[WhiteElo "2278"]
[BlackElo "1965"]

1.d4 d5 2.c4 c6 3.Nc3 Nf6 4.cxd5 cxd5 5.Bf4 e6 6.e3 Bd6 7.Bxd6 Qxd6 8.Bd3 Bd7
9.f4 Bc6 10.Nf3 Nbd7 11.O-O O-O 12.Ne5 Ne8 13.a3 f6 14.Qh5 f5 15.g4 Nef6 16.
Qg5 Ne4 17.Bxe4 fxe4 18.Rf2 Nxe5 19.Qxe5 Qxe5 20.dxe5 g6 21.Rc1 Rac8 22.Ne2
Bd7 23.Rxc8 Rxc8 24.Nd4 Kf7 25.Rc2 Rxc2 26.Nxc2 h6 27.Nd4 Ke7 28.Kf2 Kf7 29.
Ke1 Ke7 30.Kd2 Kf7 31.Kc3 Ke7 32.b3 Kf7 33.h4 Ke7 34.a4 Kf7 35.Ne2 Ke7 36.Kd4
h5 37.gxh5 gxh5 38.Ng3 Be8 39.f5 exf5 40.Nxf5+ Kd7 41.e6+ 1-0